00438nam a2200181Ia 450000500170000000800410001702000220005804100080008008200170008810000130010524500200011825000120013826000390015030000090018950000230019865000220022170000130024320230224113122.0230125s9999 xx 000 0 und d a978-93-539-4677-7 aeng a658.406bBUR aBurnes B aManaging Change a7th Ed. c2020bPearson EducationaNew Delhi a672p aChange management  aChange management aBurnes B